[Event "M.Botvinnik Memorial 2012"]
[Site "St. Petersburg, Russia"]
[Date "2012.08.25"]
[Round "1.29"]
[White "Pridorozhni, Aleksei"]
[Black "Zizlova, Sofia"]
[Result "1-0"]
[WhiteElo "2533"]
[BlackElo "2135"]
[PlyCount "77"]
[EventDate "2012.08.25"]

1. e4 c5 2. Nf3 d6 3. d4 cxd4 4. Nxd4 Nf6 5. Nc3 a6 6. h3 e5 7. Nde2 Be6 8. g4
d5 9. exd5 Nxd5 10. Bg2 Nxc3 11. Qxd8+ Kxd8 12. Nxc3 Nc6 13. Be3 Bb4 14. O-O-O+
Kc7 15. Nd5+ Bxd5 16. Bxd5 f6 17. Be4 Rad8 18. Rxd8 Nxd8 19. Rd1 g6 20. c3 Be7
21. Kc2 b5 22. b4 Nf7 23. Bd5 Nd6 24. Kb3 Rd8 25. Be6 f5 26. f4 e4 27. a4 Bf6
28. axb5 axb5 29. Rd5 fxg4 30. hxg4 Nb7 31. g5 Bg7 32. Rxd8 Kxd8 33. f5 Nd6 34.
f6 Bf8 35. Bb6+ Ke8 36. Bc5 e3 37. Bxe3 Nf5 38. Bc5 Bxc5 39. bxc5 1-0

[Event "M.Botvinnik Memorial 2012"]
[Site "St. Petersburg, Russia"]
[Date "2012.08.25"]
[Round "1.30"]
[White "Kuzmin, Egor"]
[Black "Ovetchkin, Roman"]
[Result "0-1"]
[WhiteElo "2134"]
[BlackElo "2526"]
[PlyCount "54"]
[EventDate "2012.08.25"]

1. d4 Nf6 2. c4 e6 3. Nf3 Bb4+ 4. Bd2 Qe7 5. g3 Nc6 6. Bg2 Bxd2+ 7. Nbxd2 d6 8.
Nf1 Ng4 9. h3 Nh6 10. Ne3 O-O 11. O-O f5 12. d5 Nd8 13. dxe6 c6 14. Nc2 f4 15.
gxf4 Rxf4 16. Ncd4 Nxe6 17. Nxe6 Bxe6 18. b3 Raf8 19. Qd2 Bc8 20. Rad1 R4f6 21.
Ng5 Nf5 22. Nf3 Rg6 23. Kh2 Nh4 24. Nxh4 Qxh4 25. Qd4 Rxg2+ 26. Kxg2 Bxh3+ 27.
Kh2 Qxd4 0-1

[Event "M.Botvinnik Memorial 2012"]
[Site "St. Petersburg, Russia"]
[Date "2012.08.25"]
[Round "1.31"]
[White "Yakovich, Yuri"]
[Black "Larin, Maxim"]
[Result "1/2-1/2"]
[WhiteElo "2525"]
[BlackElo "2131"]
[PlyCount "66"]
[EventDate "2012.08.25"]

1. c4 g6 2. d4 Nf6 3. Nc3 c5 4. Nf3 Bg7 5. e4 O-O 6. Be2 cxd4 7. Nxd4 Nc6 8.
Be3 d6 9. O-O Nxd4 10. Bxd4 Be6 11. f4 Rc8 12. b3 Qa5 13. Rc1 Rfe8 14. Kh1 a6
15. Qd3 Bg4 16. e5 Bf5 17. Qe3 Nd7 18. exd6 exd6 19. Qf2 Bxd4 20. Qxd4 d5 21.
Bf3 dxc4 22. bxc4 Qc5 23. Qd2 Nb6 24. Nd5 Nxd5 25. cxd5 Qd6 26. h3 h5 27. Qd4
Rcd8 28. Rfe1 Rxe1+ 29. Rxe1 Rc8 30. Qe3 Rd8 31. Qd4 Rc8 32. Qe3 Rd8 33. Qd4
Rc8 1/2-1/2

[Event "M.Botvinnik Memorial 2012"]
[Site "St. Petersburg, Russia"]
[Date "2012.08.25"]
[Round "1.32"]
[White "Shulakova, Svetlana"]
[Black "Goganov, Aleksey"]
[Result "1/2-1/2"]
[WhiteElo "2123"]
[BlackElo "2525"]
[PlyCount "136"]
[EventDate "2012.08.25"]

1. d4 Nf6 2. c4 e6 3. Nc3 Bb4 4. Qc2 O-O 5. a3 Bxc3+ 6. Qxc3 d6 7. Bg5 Nbd7 8.
Nf3 b6 9. e3 Bb7 10. Be2 Rc8 11. b4 Ne4 12. Bxd8 Nxc3 13. Bh4 Nxe2 14. Kxe2 f6
15. Rhd1 e5 16. d5 b5 17. cxb5 Nb6 18. e4 f5 19. Ng5 fxe4 20. Ne6 Rfe8 21. Rac1
Nxd5 22. Rxd5 Bxd5 23. Nxc7 Bb3 24. Bg5 Rf8 25. Be7 d5 26. Bxf8 Rxf8 27. Rc5 d4
28. Nd5 d3+ 29. Ke3 Rd8 30. Rc8 Rxc8 31. Ne7+ Kf7 32. Nxc8 Ke6 33. Nxa7 Kd6 34.
b6 Ba4 35. b5 Kd7 36. h4 h6 37. Kd2 Kd8 38. Kc3 Kd7 39. Kd2 Kd8 40. Ke3 Kd7 41.
f3 exf3 42. gxf3 Bc2 43. Nc6 Kc8 44. Nxe5 Kb7 45. Nc4 g5 46. hxg5 hxg5 47. Kd2
Ba4 48. Kxd3 Bxb5 49. Kd4 Kc6 50. Ne5+ Kxb6 51. Nf7 Ka5 52. Kc3 Ka4 53. Kb2 Bd7
54. Nxg5 Kb5 55. f4 Kc4 56. Nf3 Kd5 57. Nh4 Ke4 58. Ng6 Bf5 59. Ne7 Kxf4 60.
Kc3 Ke5 61. Kc4 Bc2 62. Nc6+ Kd6 63. Nd4 Bd1 64. Nb5+ Kc6 65. Nc3 Bc2 66. Ne2
Kb7 67. Nd4 Bd1 68. Nb3 Bxb3+ 1/2-1/2

[Event "M.Botvinnik Memorial 2012"]
[Site "St. Petersburg, Russia"]
[Date "2012.08.25"]
[Round "1.33"]
[White "Levin, Evgeny A"]
[Black "Tkachev, Ivan"]
[Result "1-0"]
[WhiteElo "2512"]
[BlackElo "2117"]
[PlyCount "97"]
[EventDate "2012.08.25"]

1. d4 d5 2. c4 Nf6 3. Nc3 e6 4. cxd5 exd5 5. Bg5 c6 6. e3 Be7 7. Bd3 O-O 8.
Nge2 Na6 9. O-O Nc7 10. Qc2 h6 11. Bh4 Ne6 12. Rad1 b6 13. f3 Bb7 14. Kh1 Kh8
15. Bf5 Ne8 16. Bg3 Nd6 17. Bxe6 fxe6 18. Nf4 Qd7 19. Ng6+ Kg8 20. Nxf8 Rxf8
21. e4 Nc4 22. Rfe1 Bg5 23. Bf2 Qf7 24. b3 Nd6 25. Bg3 Rd8 26. Qf2 Nb5 27. Nxb5
cxb5 28. exd5 Bxd5 29. Bh4 Qf6 30. Bxg5 Qxg5 31. Rc1 a5 32. Rc7 Qf4 33. Rc2 Kh7
34. Qe2 Qxd4 35. Qxb5 Rf8 36. Qe2 b5 37. Rd1 Qb4 38. Rc7 Qf4 39. Rc5 a4 40.
Rxb5 axb3 41. axb3 Rf5 42. Qc2 Bxf3 43. Rxf5 Bxd1 44. Rxf4+ Bxc2 45. b4 Bd3 46.
Rd4 Bb5 47. Rd6 Bc4 48. Rc6 Bd5 49. b5 1-0

[Event "M.Botvinnik Memorial 2012"]
[Site "St. Petersburg, Russia"]
[Date "2012.08.25"]
[Round "1.34"]
[White "Yakupova, Aysyla"]
[Black "Belozerov, Andrei"]
[Result "0-1"]
[WhiteElo "2116"]
[BlackElo "2504"]
[PlyCount "114"]
[EventDate "2012.08.25"]

1. c4 e6 2. d4 Nf6 3. Nc3 Bb4 4. Nf3 b6 5. e3 Bb7 6. Be2 Ne4 7. Bd2 Bxc3 8.
Bxc3 O-O 9. O-O d6 10. Rc1 Nd7 11. Nd2 f5 12. f3 Nxc3 13. Rxc3 c5 14. f4 Nf6
15. Bf3 Qc7 16. Bxb7 Qxb7 17. Qf3 Qxf3 18. Nxf3 Kf7 19. Rd1 Ke7 20. Rcd3 Rfd8
21. b3 Rac8 22. dxc5 bxc5 23. Nd2 h6 24. Nb1 g5 25. Nc3 Rd7 26. g3 Rg8 27. Kf1
h5 28. Re1 Ne4 29. Nxe4 fxe4 30. Rc3 Kf6 31. Kf2 Kf5 32. Rd1 a5 33. Rc2 gxf4
34. exf4 h4 35. Rcd2 hxg3+ 36. hxg3 Rh7 37. Rg1 Rd8 38. Rc2 Rh2+ 39. Rg2 Rh1
40. Ke3 Rh3 41. Ke2 Rg8 42. Kf2 a4 43. Rc3 Rh1 44. Ke3 Re1+ 45. Kf2 Ra1 46. Ke3
Rxa2 47. Rxa2 Rxg3+ 48. Kf2 Rxc3 49. bxa4 Kxf4 50. a5 Rh3 51. Kg2 Rh7 52. a6
Ra7 53. Kf2 Ke5 54. Ra5 Kd4 55. Ra4 Kc3 56. Ke3 Kb3 57. Ra1 Kxc4 0-1

[Event "M.Botvinnik Memorial 2012"]
[Site "St. Petersburg, Russia"]
[Date "2012.08.25"]
[Round "1.35"]
[White "Rogozenco, Dorian"]
[Black "Emdin, Mark"]
[Result "1-0"]
[WhiteElo "2504"]
[BlackElo "2109"]
[PlyCount "59"]
[EventDate "2012.08.25"]

1. d4 d5 2. c4 c6 3. Nf3 Nf6 4. Nc3 dxc4 5. a4 Bf5 6. Ne5 Nbd7 7. Nxc4 Nb6 8.
Ne5 a5 9. e3 e6 10. g4 Bg6 11. h4 Bd6 12. h5 Be4 13. f3 Bxe5 14. dxe5 Qxd1+ 15.
Nxd1 Bxf3 16. exf6 Bxh1 17. Nf2 Bf3 18. fxg7 Rg8 19. h6 Rd8 20. Ra3 f5 21. gxf5
exf5 22. Rb3 Nxa4 23. e4 Bh5 24. exf5 b5 25. Bg5 Rd7 26. Ne4 Kf7 27. Nf6 Nc5
28. Re3 Rd1+ 29. Kf2 Rd2+ 30. Kg3 1-0

[Event "M.Botvinnik Memorial 2012"]
[Site "St. Petersburg, Russia"]
[Date "2012.08.25"]
[Round "1.36"]
[White "Poltoratsky, Daniil"]
[Black "Neverov, Valeriy"]
[Result "0-1"]
[WhiteElo "2109"]
[BlackElo "2502"]
[PlyCount "66"]
[EventDate "2012.08.25"]

1. d4 f5 2. Bg5 g6 3. Nd2 Bg7 4. e3 Nf6 5. Bd3 d5 6. Bxf6 Bxf6 7. Ngf3 c5 8. c3
Nc6 9. Qc2 O-O 10. h4 Qd6 11. h5 c4 12. Be2 g5 13. O-O-O b5 14. Rdg1 b4 15. g4
bxc3 16. bxc3 Rb8 17. Nxg5 Qa3+ 18. Kd1 Rb2 19. Qc1 Bxg5 20. gxf5 h6 21. f4
Bxf5 22. Bf3 Bc2+ 23. Ke2 Bd3+ 24. Kf2 Qxa2 25. Bxd5+ Kh8 26. Ke1 Rfb8 27. Rg2
Rc2 28. Qd1 Qb2 29. Nxc4 Qxc3+ 30. Rd2 Rc1 31. Qxc1 Qxc1+ 32. Kf2 Qc3 33. Rhd1
Bxc4 0-1

[Event "M.Botvinnik Memorial 2012"]
[Site "St. Petersburg, Russia"]
[Date "2012.08.25"]
[Round "1.37"]
[White "Kabanov, Nikolai"]
[Black "Ivanov, Sergei V"]
[Result "1-0"]
[WhiteElo "2501"]
[BlackElo "2108"]
[PlyCount "61"]
[EventDate "2012.08.25"]

1. e4 d6 2. d4 g6 3. g3 Bg7 4. Bg2 Nf6 5. Ne2 O-O 6. O-O e5 7. h3 Nc6 8. d5 Ne7
9. c4 Nh5 10. Nbc3 f5 11. f3 Kh8 12. g4 Nf6 13. Be3 h6 14. Qd2 Neg8 15. c5 Nh7
16. Rac1 Bf6 17. cxd6 cxd6 18. Nb5 fxg4 19. fxg4 Bg5 20. Rxf8 Qxf8 21. Bxg5
Nxg5 22. Qb4 Nxh3+ 23. Bxh3 Qf3 24. Qc3 Qxe2 25. Nxd6 Bd7 26. Re1 Qa6 27. Qxe5+
Kh7 28. Rf1 Qb6+ 29. Kh1 Bf5 30. gxf5 g5 31. f6 1-0

[Event "M.Botvinnik Memorial 2012"]
[Site "St. Petersburg, Russia"]
[Date "2012.08.25"]
[Round "1.38"]
[White "Pershin, Denis"]
[Black "Rozum, Ivan"]
[Result "0-1"]
[WhiteElo "2103"]
[BlackElo "2500"]
[PlyCount "174"]
[EventDate "2012.08.25"]

1. e4 c5 2. Nf3 Nc6 3. d4 cxd4 4. Nxd4 Qb6 5. Nb5 Nf6 6. N5c3 e6 7. Be2 Be7 8.
O-O O-O 9. Kh1 d6 10. a3 a6 11. Be3 Qc7 12. f4 b5 13. Qe1 Bb7 14. Qf2 Rfe8 15.
Nd2 d5 16. e5 d4 17. Bxd4 Nxd4 18. Qxd4 Rad8 19. Qe3 Bc5 20. Qg3 Nh5 21. Qe1
Nxf4 22. Bf3 Bc8 23. Be4 Ng6 24. Nf3 Be7 25. Qg3 f5 26. exf6 Qxg3 27. f7+ Kxf7
28. hxg3 Bf6 29. Rad1 Ke7 30. Rxd8 Rxd8 31. Nd1 Ne5 32. b3 Ng4 33. Kg1 h6 34.
Re1 Ne5 35. Kf2 Nxf3 36. Kxf3 Be5 37. c4 bxc4 38. bxc4 Bd6 39. a4 Bb4 40. Rf1
Bd7 41. Nf2 Bxa4 42. Ra1 Rf8+ 43. Kg4 h5+ 44. Kh4 Bd7 45. Nd3 a5 46. c5 Bc3 47.
Ra3 Bf6+ 48. Kh3 Bd4 49. c6 Bc8 50. Rxa5 e5+ 51. Kh2 Rf1 52. Rd5 Bg1+ 53. Kh1
Bd4+ 54. Kh2 Be6 55. c7 Bg1+ 56. Kh1 Bb6+ 57. Kh2 Bxc7 58. Rb5 Kf6 59. Rb7 Ba5
60. Bf3 Bc4 61. Nxe5 Kxe5 62. Rxg7 Bb6 63. Rg5+ Kf6 64. Rxh5 Be6 65. Rb5 Bf2
66. Rh5 Rc1 67. Rh6+ Kf7 68. Rh4 Kg6 69. Re4 Bf5 70. Rh4 Re1 71. Bh5+ Kf6 72.
Bg4 Bg6 73. Bh5 Bg1+ 74. Kh1 Be3+ 75. Kh2 Bg5 76. Rh3 Bf5 77. g4 Bf4+ 78. g3
Re2+ 79. Kg1 Be3+ 80. Kf1 Rf2+ 81. Ke1 Bd3 82. g5+ Kxg5 83. Rh1 Ra2 84. Bf3 Kf6
85. Rh8 Rf2 86. Rh6+ Kg7 87. Bg2 Kxh6 0-1

[Event "M.Botvinnik Memorial 2012"]
[Site "St. Petersburg, Russia"]
[Date "2012.08.25"]
[Round "1.39"]
[White "Fedoseev, Vladimir"]
[Black "Rupel, David G"]
[Result "1-0"]
[WhiteElo "2498"]
[BlackElo "2100"]
[PlyCount "141"]
[EventDate "2012.08.25"]

1. c4 Nf6 2. Nc3 e5 3. g3 c6 4. Nf3 e4 5. Nd4 d5 6. cxd5 cxd5 7. Bg2 Nc6 8.
Nxc6 bxc6 9. d3 exd3 10. Qxd3 Be6 11. O-O Be7 12. Bg5 Rc8 13. Rac1 O-O 14. Rfd1
Qd7 15. Na4 h6 16. Bxf6 Bxf6 17. Nc5 Qe7 18. Rc2 g6 19. Nxe6 Qxe6 20. Qa6 Rfe8
21. Bf3 Kg7 22. Rdc1 c5 23. Qxe6 fxe6 24. Rxc5 Rxc5 25. Rxc5 Re7 26. b4 Rb7 27.
a3 Bb2 28. Ra5 h5 29. Kg2 Rc7 30. e3 d4 31. exd4 Bxd4 32. Be4 Kf6 33. h4 Bb2
34. f3 Bc1 35. Kf1 Bb2 36. Rg5 Rg7 37. a4 e5 38. Ke2 Bc1 39. f4 exf4 40. Rc5
Ba3 41. gxf4 Bxb4 42. Rc6+ Kf7 43. Ra6 Bc5 44. a5 Bd4 45. Kf3 Bg1 46. Kg2 Be3
47. Kg3 Bg1 48. Bd3 Be3 49. Kf3 Bg1 50. Bc2 Bd4 51. Ke4 Bf2 52. Ke5 Bxh4 53.
Rxa7+ Kg8 54. Ra8+ Kh7 55. a6 Bf2 56. Rf8 Rc7 57. Bd3 Kg7 58. Rb8 Ba7 59. Rb2
Rd7 60. Rb3 Bg1 61. Bxg6 Kxg6 62. Rg3+ Kf7 63. Rxg1 Ra7 64. Ra1 h4 65. Ke4 Ke6
66. Kf3 h3 67. Kg3 Kf5 68. Ra4 Rh7 69. a7 h2 70. a8=Q h1=Q 71. Qc8+ 1-0

[Event "M.Botvinnik Memorial 2012"]
[Site "St. Petersburg, Russia"]
[Date "2012.08.25"]
[Round "1.40"]
[White "Bogachkova, Alena"]
[Black "Gavrilov, Alexei"]
[Result "0-1"]
[WhiteElo "2086"]
[BlackElo "2496"]
[PlyCount "96"]
[EventDate "2012.08.25"]

1. e4 e6 2. d4 d5 3. Nc3 Nf6 4. e5 Nfd7 5. f4 c5 6. Nf3 Nc6 7. Be3 Be7 8. Qd2
O-O 9. O-O-O c4 10. f5 b5 11. fxe6 fxe6 12. Qe1 b4 13. Ne2 c3 14. b3 a5 15. Kb1
a4 16. Nc1 axb3 17. cxb3 Ba6 18. Bxa6 Rxa6 19. Qe2 Ra5 20. h4 Na7 21. Ng5 Qe8
22. Qd3 Bxg5 23. hxg5 Qg6 24. Qxg6 hxg6 25. Kc2 Nb5 26. Rh3 Raa8 27. Rdh1 Kf7
28. Rf1+ Ke7 29. Rxf8 Nxf8 30. a4 bxa3 31. Na2 Nd7 32. Rh7 Kf7 33. Rh4 Rc8 34.
Bf2 Nb8 35. Rh1 Nc6 36. Kd3 Ke7 37. Rc1 Kd7 38. Be3 Ke7 39. Bf2 Rh8 40. Nxc3
Nb4+ 41. Kd2 Nxc3 42. Rxc3 Kd7 43. Be1 Rh2 44. Rc1 Rxg2+ 45. Ke3 Rg1 46. Kd2
Rxg5 47. Ra1 Rg2+ 48. Kd1 Nc2 0-1

[Event "M.Botvinnik Memorial 2012"]
[Site "St. Petersburg, Russia"]
[Date "2012.08.25"]
[Round "1.41"]
[White "Cherniaev, Alexander"]
[Black "Zarivkina, Victorya"]
[Result "1-0"]
[WhiteElo "2486"]
[BlackElo "2072"]
[PlyCount "83"]
[EventDate "2012.08.25"]

1. e4 c5 2. c3 Nf6 3. e5 Nd5 4. Nf3 e6 5. Bc4 Nb6 6. Bb3 d5 7. exd6 Bxd6 8. d4
O-O 9. O-O Nc6 10. Re1 Qc7 11. Bc2 cxd4 12. cxd4 f5 13. Nc3 a6 14. Bb3 Nd8 15.
Qd3 Kh8 16. h3 h6 17. Bd2 Qf7 18. d5 exd5 19. Nxd5 Nxd5 20. Bxd5 Qg6 21. Bc3
Bd7 22. Ne5 Bxe5 23. Rxe5 Bb5 24. Qd2 Re8 25. Rxf5 Ne6 26. Be4 Rad8 27. Re5 Qf6
28. Qe3 Qf4 29. Bxb7 Qxe3 30. Rxe3 Nf4 31. Rxe8+ Rxe8 32. Bf3 Ne2+ 33. Bxe2
Rxe2 34. Rd1 Kg8 35. Rd6 Kf7 36. Rb6 Re7 37. Kh2 Ra7 38. h4 Bc4 39. a3 Be6 40.
f3 h5 41. Bxg7 Bc4 42. Bc3 1-0

[Event "M.Botvinnik Memorial 2012"]
[Site "St. Petersburg, Russia"]
[Date "2012.08.25"]
[Round "1.42"]
[White "Korchagina, Viktoria"]
[Black "Predke, Alexandr"]
[Result "1/2-1/2"]
[WhiteElo "2071"]
[BlackElo "2483"]
[PlyCount "85"]
[EventDate "2012.08.25"]

1. e4 e5 2. Nf3 Nc6 3. Bb5 a6 4. Ba4 Nf6 5. O-O Be7 6. Re1 b5 7. Bb3 d6 8. c3
O-O 9. h3 Na5 10. Bc2 c5 11. d4 Qc7 12. Nbd2 Rd8 13. Nf1 cxd4 14. cxd4 exd4 15.
Nxd4 d5 16. exd5 Rxd5 17. Qe2 Bc5 18. Nb3 Bb7 19. Nxc5 Rxc5 20. Bd3 Qc6 21. f3
Nc4 22. Bxc4 Rxc4 23. Ne3 Re8 24. Qf2 Qb6 25. Bd2 Rcc8 26. Rac1 b4 27. Rxc8
Rxc8 28. Ng4 Qxf2+ 29. Nxf2 a5 30. Rc1 Rxc1+ 31. Bxc1 Kf8 32. Be3 Nd7 33. Nd3
Bd5 34. a3 bxa3 35. bxa3 Ke7 36. Kf2 Kd6 37. Bf4+ Ke6 38. Bc7 Bc4 39. Nb2 Bb5
40. Bxa5 Kd5 41. a4 Ba6 42. Bc3 g6 43. Ke3 1/2-1/2

[Event "M.Botvinnik Memorial 2012"]
[Site "St. Petersburg, Russia"]
[Date "2012.08.25"]
[Round "1.43"]
[White "Kalegin, Evgenij"]
[Black "Svidinsky, Dmitry"]
[Result "1-0"]
[WhiteElo "2480"]
[BlackElo "2064"]
[PlyCount "69"]
[EventDate "2012.08.25"]

1. e4 e5 2. Nf3 Nc6 3. Bb5 a6 4. Ba4 Nf6 5. d3 d6 6. c3 Be7 7. Nbd2 O-O 8. O-O
b5 9. Bc2 d5 10. exd5 Qxd5 11. Qe2 Bf5 12. Re1 Nd7 13. Ne4 Nb6 14. Bg5 Bxg5 15.
Nfxg5 Rad8 16. Qf3 Bg6 17. h4 h6 18. h5 Bxe4 19. Nxe4 Na4 20. Bb3 Qd7 21. Re3
Qe7 22. Ng3 Qf6 23. Qe2 Nc5 24. Rf3 Qg5 25. Ne4 Nxe4 26. Qxe4 Rd6 27. d4 exd4
28. Rxf7 Rxf7 29. Qe8+ Kh7 30. Bxf7 Ne7 31. Re1 dxc3 32. bxc3 Rd2 33. Qxe7 Qxe7
34. Bg6+ Kg8 35. Rxe7 1-0

[Event "M.Botvinnik Memorial 2012"]
[Site "St. Petersburg, Russia"]
[Date "2012.08.25"]
[Round "1.44"]
[White "Rassokhina, Ekaterina"]
[Black "Bukavshin, Ivan"]
[Result "0-1"]
[WhiteElo "2062"]
[BlackElo "2476"]
[PlyCount "92"]
[EventDate "2012.08.25"]

1. d4 Nf6 2. c4 e6 3. Nf3 d5 4. Nc3 c6 5. e3 Nbd7 6. Bd3 dxc4 7. Bxc4 b5 8. Bd3
a6 9. O-O c5 10. b3 Bb7 11. Bb2 Bd6 12. Qe2 O-O 13. Rad1 Qc7 14. h3 Rac8 15.
Ng5 cxd4 16. exd4 Bb4 17. Nce4 h6 18. a3 Be7 19. Rc1 Qb6 20. Nxf6+ Nxf6 21. Ne4
Rfd8 22. b4 Nxe4 23. Bxe4 Bf6 24. Rxc8 Rxc8 25. Rd1 Rd8 26. Qf3 Bxe4 27. Qxe4
g6 28. Kh1 Rd5 29. Rc1 Kg7 30. Rc5 Rd6 31. Qe2 Qd8 32. d5 exd5 33. Bxf6+ Qxf6
34. Rc8 Re6 35. Qd2 d4 36. Rc5 Rd6 37. Kg1 d3 38. Rc3 Qd4 39. Rb3 Qa1+ 40. Kh2
Qe5+ 41. f4 Qe2 42. Qc3+ Kh7 43. Qc7 Qe6 44. Rb1 d2 45. Rd1 Qf6 46. g3 Qe6 0-1

[Event "M.Botvinnik Memorial 2012"]
[Site "St. Petersburg, Russia"]
[Date "2012.08.25"]
[Round "1.45"]
[White "Kharchenko, Boris"]
[Black "Potyavin, Igor"]
[Result "1-0"]
[WhiteElo "2476"]
[BlackElo "2053"]
[PlyCount "77"]
[EventDate "2012.08.25"]

1. e4 c5 2. c3 Nf6 3. e5 Nd5 4. d4 cxd4 5. Nf3 Nc6 6. Bc4 Nb6 7. Bb3 e6 8. cxd4
d6 9. Qe2 Be7 10. Nc3 O-O 11. O-O a6 12. a3 Qc7 13. Bf4 d5 14. Qd3 f5 15. exf6
Qxf4 16. fxe7 Nxe7 17. Rae1 Ng6 18. Ne5 Nxe5 19. Rxe5 Bd7 20. f3 Rac8 21. g3
Qf6 22. f4 Nc4 23. Bxc4 dxc4 24. Qe3 Qg6 25. f5 exf5 26. Nd5 Rce8 27. Ne7+ Rxe7
28. Rxe7 Bc6 29. Qe5 Be4 30. d5 h5 31. d6 h4 32. d7 hxg3 33. Qxg3 Qf6 34. Rxe4
Qb6+ 35. Qf2 Qg6+ 36. Qg2 Qb6+ 37. Qf2 Qg6+ 38. Kh1 Qc6 39. Qf3 1-0

[Event "M.Botvinnik Memorial 2012"]
[Site "St. Petersburg, Russia"]
[Date "2012.08.25"]
[Round "1.46"]
[White "Trapeznikova, Darya"]
[Black "Matsenko, Sergei"]
[Result "0-1"]
[WhiteElo "2050"]
[BlackElo "2468"]
[PlyCount "66"]
[EventDate "2012.08.25"]

1. d4 d5 2. c4 e6 3. Nc3 c6 4. Nf3 Nf6 5. e3 a6 6. cxd5 exd5 7. Qc2 Bd6 8. Bd3
O-O 9. O-O Nbd7 10. e4 dxe4 11. Nxe4 Nxe4 12. Bxe4 h6 13. h3 Nf6 14. Bd3 Be6
15. Be3 Qc7 16. Nh4 Rfe8 17. Nf5 Bh2+ 18. Kh1 Bf4 19. Qd2 Nd5 20. Rfe1 Rad8 21.
Rac1 Bxf5 22. Bxf5 Nxe3 23. fxe3 Bg5 24. Qf2 Qe7 25. Rcd1 Bxe3 26. Qf3 Qg5 27.
g3 Qf6 28. Rxe3 Rxe3 29. Qxe3 Qxf5 30. Kh2 Qd5 31. Qe7 Rd7 32. Qe8+ Kh7 33. b3
c5 0-1

[Event "M.Botvinnik Memorial 2012"]
[Site "St. Petersburg, Russia"]
[Date "2012.08.25"]
[Round "1.47"]
[White "Tunik, Gennady"]
[Black "Nikomanis, Andreas"]
[Result "1/2-1/2"]
[WhiteElo "2456"]
[BlackElo "2049"]
[PlyCount "81"]
[EventDate "2012.08.25"]

1. d4 Nf6 2. c4 g6 3. Nc3 Bg7 4. e4 d6 5. Nf3 O-O 6. Be2 e5 7. Be3 h6 8. dxe5
Ng4 9. Bd2 Nxe5 10. Rc1 Nbc6 11. O-O Kh7 12. b3 f5 13. exf5 Bxf5 14. Nxe5 Nxe5
15. Be3 Qd7 16. Nd5 a6 17. Bd4 Rae8 18. Ne3 Be6 19. f4 Ng4 20. Bxg4 Bxg4 21.
Qd2 Re4 22. Bxg7 Kxg7 23. Nd5 Kh7 24. Rce1 Bf5 25. Qc3 Qd8 26. g4 c6 27. gxf5
cxd5 28. fxg6+ Kxg6 29. Qc2 Rfxf4 30. cxd5 Qg5+ 31. Kh1 Rxf1+ 32. Rxf1 Qe5 33.
Qg2+ Kh5 34. Qf3+ Kg5 35. Rg1+ Kh4 36. Qf2+ Kh5 37. Qf7+ Kh4 38. Qf2+ Kh5 39.
Qf3+ Kh4 40. Qf2+ Kh5 41. Qf3+ 1/2-1/2

[Event "M.Botvinnik Memorial 2012"]
[Site "St. Petersburg, Russia"]
[Date "2012.08.25"]
[Round "1.48"]
[White "Yakovlev, Yuri S"]
[Black "Kopylov, Alexander A"]
[Result "0-1"]
[WhiteElo "2035"]
[BlackElo "2449"]
[PlyCount "96"]
[EventDate "2012.08.25"]

1. e4 c5 2. Nf3 d6 3. c4 Nc6 4. d4 cxd4 5. Nxd4 Nf6 6. Nc3 e6 7. Be3 Be7 8. Be2
O-O 9. O-O a6 10. Qd2 Qc7 11. Rac1 Ne5 12. f3 b6 13. Rfd1 Bb7 14. Qe1 Rac8 15.
Qf2 Qb8 16. Na4 Ba8 17. Nb3 b5 18. Nb6 Rcd8 19. cxb5 axb5 20. Bxb5 Bxe4 21.
fxe4 Nfg4 22. Qe2 Nxe3 23. Qxe3 Ng4 24. Qe2 Qxb6+ 25. Nd4 Bf6 26. Qxg4 Bxd4+
27. Kh1 Bxb2 28. Rb1 Qxb5 29. Rd2 Rb8 30. Rdxb2 Qxb2 31. Rxb2 Rxb2 32. h4 Rxa2
33. Qd1 Ra6 34. h5 h6 35. Kh2 d5 36. Qd3 Ra5 37. Qc3 Rfa8 38. e5 Ra4 39. Qc6 d4
40. g4 d3 41. Kg3 d2 42. Qd7 Ra1 43. Qxd2 R8a3+ 44. Kf4 Ra4+ 45. Kg3 R4a3+ 46.
Kf4 Rb3 47. Qd8+ Kh7 48. Qe8 Raa3 0-1

[Event "M.Botvinnik Memorial 2012"]
[Site "St. Petersburg, Russia"]
[Date "2012.08.25"]
[Round "1.49"]
[White "Chekhov, Sergei"]
[Black "Safronov, Kirill"]
[Result "1-0"]
[WhiteElo "2444"]
[BlackElo "2034"]
[PlyCount "97"]
[EventDate "2012.08.25"]

1. e4 e5 2. Nf3 d6 3. d4 exd4 4. Nxd4 Nf6 5. Nc3 Be7 6. g3 d5 7. e5 Ne4 8. Bg2
Nxc3 9. bxc3 O-O 10. O-O c5 11. Nb3 Nc6 12. Qxd5 Qxd5 13. Bxd5 Nxe5 14. Re1 Ng6
15. Ba3 Bf6 16. Re3 Rd8 17. Bg2 c4 18. Na5 Rb8 19. Nxc4 Be6 20. Na5 Rd2 21.
Nxb7 Rxc2 22. Bb4 Rxa2 23. Rxa2 Bxa2 24. Bd6 Rc8 25. Bh3 Ra8 26. Na5 Be6 27.
Bxe6 fxe6 28. c4 Kf7 29. Rb3 Be5 30. Bc5 a6 31. f4 Rc8 32. Rb7+ Kg8 33. Bb4 Bc7
34. Nb3 Rb8 35. Rxc7 Rxb4 36. Nd4 e5 37. Ne6 exf4 38. gxf4 a5 39. Rxg7+ Kh8 40.
Ra7 h5 41. f5 Ne5 42. c5 a4 43. f6 Rb1+ 44. Kg2 Rb2+ 45. Kg3 Rb3+ 46. Kf4 Nd3+
47. Kg5 Nxc5 48. Nxc5 Rb5 49. Kg6 1-0

[Event "M.Botvinnik Memorial 2012"]
[Site "St. Petersburg, Russia"]
[Date "2012.08.25"]
[Round "1.50"]
[White "Mikhailov, Ivan"]
[Black "Malakhov, Igor"]
[Result "0-1"]
[WhiteElo "2026"]
[BlackElo "2442"]
[PlyCount "56"]
[EventDate "2012.08.25"]

1. d4 Nf6 2. c4 c5 3. d5 g6 4. Nc3 Bg7 5. e4 O-O 6. Bg5 h6 7. Bf4 d6 8. Be2 e5
9. dxe6 Bxe6 10. Qd2 Nc6 11. Bxh6 Bxh6 12. Qxh6 Nd4 13. Qd2 Qa5 14. Rc1 Nxe2
15. Qxe2 Qb4 16. b3 Rfe8 17. Nf3 Nxe4 18. a3 Nxc3 19. axb4 Nxe2 20. Kxe2 Bxc4+
21. Kd2 Bxb3 22. bxc5 dxc5 23. Rxc5 Rad8+ 24. Kc3 Bd5 25. Ra1 a6 26. Ne1 Bc6
27. Rc4 Re2 28. Rf4 Rdd2 0-1

[Event "M.Botvinnik Memorial 2012"]
[Site "St. Petersburg, Russia"]
[Date "2012.08.25"]
[Round "1.51"]
[White "Gordievsky, Dmitry"]
[Black "Klukin, Kirill"]
[Result "1-0"]
[WhiteElo "2437"]
[BlackElo "2025"]
[PlyCount "127"]
[EventDate "2012.08.25"]

1. d4 Nf6 2. Nf3 g6 3. c4 Bg7 4. Nc3 d6 5. g3 O-O 6. Bg2 Nbd7 7. O-O e5 8. h3
c6 9. e4 Qa5 10. Re1 exd4 11. Nxd4 Ne5 12. Bf1 Re8 13. Bf4 Qb6 14. Be3 Qc7 15.
f4 Ned7 16. Bf2 Nc5 17. Qc2 Nfd7 18. Rad1 a5 19. b3 Nf8 20. Bg2 Bd7 21. Nde2
Rad8 22. a3 Be6 23. Nd4 Bc8 24. b4 Na6 25. Qb3 Kh8 26. Na4 axb4 27. axb4 f6 28.
Ne2 Qf7 29. Bb6 Nc7 30. Qc2 f5 31. Nac3 Re7 32. e5 Red7 33. Bxc7 Rxc7 34. exd6
Rcd7 35. c5 Qc4 36. Rb1 Ne6 37. Qb3 Qxb3 38. Rxb3 Rf7 39. Na4 Nf8 40. Nb6 Be6
41. Re3 h6 42. Kh2 g5 43. Ng1 Rf6 44. Nf3 gxf4 45. gxf4 Bf7 46. Ne5 Bg8 47.
Bxc6 bxc6 48. Nxc6 Rdxd6 49. cxd6 Rxd6 50. b5 Ng6 51. Nc8 Rd2+ 52. R1e2 Rd1 53.
Re1 Rd2+ 54. R3e2 Rd3 55. b6 Nxf4 56. b7 Rxh3+ 57. Kg1 Nxe2+ 58. Rxe2 Rb3 59.
b8=Q Bd4+ 60. Kh2 Rxb8 61. Nxb8 Bd5 62. Nd6 Be4 63. Nxe4 Be5+ 64. Ng3 1-0

[Event "M.Botvinnik Memorial 2012"]
[Site "St. Petersburg, Russia"]
[Date "2012.08.25"]
[Round "1.52"]
[White "Opanasenko, Mikhail"]
[Black "Alekseenko, Kirill"]
[Result "0-1"]
[WhiteElo "2016"]
[BlackElo "2430"]
[PlyCount "84"]
[EventDate "2012.08.25"]

1. e4 c5 2. Nf3 Nc6 3. Bb5 g6 4. Bxc6 bxc6 5. d3 Bg7 6. O-O d6 7. h3 e5 8. Nc3
Nh6 9. Nh2 f5 10. f4 exf4 11. Bxf4 O-O 12. Qd2 Nf7 13. exf5 Bxf5 14. Rae1 c4
15. Kh1 Qb6 16. b3 cxd3 17. cxd3 Qa6 18. d4 Qd3 19. Qxd3 Bxd3 20. Rf3 Ba6 21.
Rd1 Rae8 22. Ng4 h5 23. Nf2 Be2 24. Nxe2 Rxe2 25. a3 Rfe8 26. Rdd3 Ra2 27. b4
Re1+ 28. Kh2 g5 29. Be3 c5 30. bxc5 dxc5 31. Rb3 cxd4 32. Rb8+ Kh7 33. Bxd4
Bxd4 34. Rb7 Kg6 35. Rbxf7 Be5+ 36. g3 h4 37. Kg2 hxg3 38. Rf8 gxf2 39. Rxf2
Rxa3 40. Rc2 a5 41. Rg8+ Kh5 42. h4 Kxh4 0-1